00374 2200145 4500001002100000008004100021035002000062245003700082100001900119260003100138300002000169082000800189650001800197990001300215INLIS000000000000071 ind  a0010-0322000071 aBUKU PERPUSTAKAAN FRANKLINcIKHA aFLORA MAHARANI aYOGYAKARTAbKANISIUSc2005 a32 hlm.c23 cm. a823 aFIKSI INGGRIS a102307-1